000 02063cam a22003854i 4500
003 PE-LiUPU
005 20250731183356.0
008 170227s2009 pe a r 000 0 spa d
020 _a8499367216
020 _a9786124543715
035 _a(Sirsi) a167175
040 _aPE-LiUPU
_bspa
_cPE-LiUPU
_erda
049 _aPRUA
082 0 4 _a728.3
_bL26
_221
100 1 _aLara, Mario.,
_eautor.
245 1 3 _aMario Lara, arquitecto /
_cMario Lara; edición general y diseño: Elena González
250 _aPrimera edición
264 1 _aLima :
_bCuzzi y Cía,
_c2009.
300 _a163 páginas :
_bilustraciones ;
_c28 centimetros
336 _atext
_2rdacontent
337 _aunmediated
_2rdamedia
338 _avolume
_2rdacarrier
505 0 _aCasas edificios en Lima Perú -- Edificos en la calle Bresani, Barranco -- Casa en la pradera, la Molina -- Edificio en la calle Alfredo Salazar, San Isidro -- Edificio en la calle Víctor Maúrtura, San Isidro -- Escuela en la evenida Pedro de Osma, Chorrillos -- Casa en la estancia, La Molina -- Casa en la calle 10, La Molina -- Casa en la calle Blas Cerdeña, San Isidro -- Edificio en la calle Víctor Maúrtura, San Isidro -- Edificion en la calle Jacinto Lara, San Isidro -- Casa en un islote, Pucusana -- Casa en el golf de la Planicie , la Molina -- Casa en la calle Miguel de Cervantes, San Isidro -- Casa en la playa Arica, Lurín -- Casa en el Malecón Pazos, Barranco -- Casa en un pasaje de la calle 10, la Molina --Casa en la calle Valle Riestra, San Isidro.
526 _aP158
526 _aP146
526 _aP17
526 _aP12
526 _aP06
650 0 4 _aDiseño arquitectónico de viviendas-
_zPerú-
_zLima
910 _ajck
942 _2ddc
_cBOOK
949 _a728.3 L26
_wDEWEY
_c1
_i70730
_lCATALOGING
_mBUL
_p30.00
_r0
_sY
_tBOOK
_u2017-02-27
_xINGENIERIA
_0COMPRA
_o.CIRCNOTE. El documento es de alto precio.
_o.STAFF. Colección Ingeniería y Arquitectura
999 _c15926
_d15926
980 _81
_gALBERTO SANCHEZ Responsable de Automatización